Sega Dreamcast Game by Description - Statistics

General Stats
  • This quiz has been taken 59 times
  • The average score is 9 of 15
Answer Stats
Description Game % Correct
Drive a cab around the city, taking fares as fast as possible Crazy Taxi
98%
A blue hedgehog and his friends need to collect the 7 Chaos Emeralds to stop their enemy Sonic Adventure
93%
Spray grafitti and evade the cops while skating around Tokyo Jet Set Radio
91%
Epic open-world game where Ryo Hazuki aims to avenge his father's murder Shenmue
87%
A blue hedgehog and his allies battle a black hedgehog and his allies Sonic Adventure 2
80%
Tennis game featuring quirky minigames in its World Circuit mode Virtua Tennis
76%
Fighting game featuring the legendary Soul Edge weapon Soul Calibur
72%
Place arrows on a board to lead mice into escape rockets, while avoiding killer cats ChuChu Rocket
65%
Rescue hostages and defeat aliens while dancing to funky music Space Channel 5
59%
Classic arcade stock car racing series, featuring Hornet Daytona USA 2001
54%
Teams can battle in this classic Sega fighting game featuring Shun, Sarah, Jacky, etc. Virtua Fighter 3TB
52%
Ambitious racing game where you earn kudos for how well or stylishly you drive Metropolis Street Racer
35%
Complete missions while playing as a various household toys and items Toy Commander
33%
Arcade speedboat racing game, created by Midway Hydro Thunder
22%
Racing game based off of a Ferrari car and event F355 Challenge
20%
No matching quizzes found
Score Distribution
Percent of People with Each Score
Percentile by Number Answered
Your Score History
You have not taken this quiz